000 05481nam a22002537a 4500
003 NALT
005 20250820131323.0
008 250816b th ||||| |||| 00| 0 tha d
020 _a9786164884267
040 _aNALT
090 _aKP 68.3
_bน157ส 2567
100 0 _aนนทวัชร์ นวตระกูลพิสุทธิ์
_929708
245 1 0 _aสัญญาผู้บริโภค ข้อพิพาทผู้บริโภค และคดีผู้บริโภค /
_cนนทวัชร์ นวตระกูลพิสุทธิ์.
250 _aพิมพ์ครั้งที่ 1.
260 _aกรุงเทพฯ :
_bโครงการตำราและเอกสารประกอบการสอน คณะนิติศาสตร์ มหาวิทยาลัยธรรมศาสตร์,
_c2567.
300 _a493 หน้า :
_bภาพประกอบ ;
_c26 ซม.
505 2 _aบทนำ (1) การบริโภคกับการคุ้มครอบสิทธิของผู้บริโภค -- (2) การคุ้มครองสิทธิของผู้บริโภคในระดับสากล ประเทศขนาดใหญ่และภูมิภาคต่าง ๆ -- (3) การคุ้มครองสิทธิของผู้บริโภคในบริบทของประเทศไทย -- ส่วนที่หนึ่ง : สัญญาผู้บริโภค (Consumer contracts) -- ความนำ (1) การเกิดขึ้นของสัญญาผู้บริโภค -- (2) สัญญาผู้บริโภคกับพฤติกรรมการบริโภคในยุคปัจจุบัน -- บทที่ 1 สัญญาผู้บริโภค -- 1.1 ลักษณะของสัญญาผู้บริโภค -- 1.2 ประเภทของสัญญาผู้บริโภค -- 1.3 สัญญาผู้บริโภค กับกฎหมายเกี่ยวกับการคุ้มครองผู้บริโภค -- บทที่ 2 ผลของสัญญาผู้บริโภคต่อการคุ้มครองสิทธิของผู้บริโภค -- 2.1 การคุ้มครองสิทธิของผู้บริโภคในทางสัญญา -- 2.2 การคุ้มครองสิทธิของผู้บริโภคในทางละเมิด -- ส่วนที่สอง : ข้อพิพาทผู้บริโภค (Consumer Disputes) และคดีผู้บริโภค (Consumer cases) -- ความนำ (1) การเกิดขึ้นของข้อพิพาทผู้บริโภคและคดีผู้บริโภค -- (2) ผู้บริโภคกับสิทธิในการระงับข้อพิพาทและการเยียวยา -- (3) การระงับข้อพิพาทผู้บริโภคและการดำเนินคดีผู้บริโภคผ่านสื่ออิเล็กทรอนิกส์ -- บทที่ 1 ข้อพิพาทผู้บริโภค และคดีผู้บริโภค -- 1.1 ลักษณะของข้อพิพาทผู้บริโภคและคดีผู้บริโภค -- 1.2 ประเภทของข้อพิพาทผู้บริโภคและคดีผู้บริโภค -- 1.3 ข้อพิพาทผู้บริโภคและคดีผู้บริโภค กับการใช้บังคับกฎหมายเกี่ยวกับการคุ้มครองผู้บริโภค -- บทที่ 2 ผลของข้อพิพาทผู้บริโภคและคดีผู้บริโภคต่อการคุ้มครองสิทธิของผู้บริโภค -- 2.1 การคุ้มครองสิทธิของผู้บริโภคเกี่ยวกับการระงับข้อพิพาทผู้บริโภคนอกศาล -- 2.2 การคุ้มครองสิทธิของผู้บริโภคเกี่ยวกับการฟ้องร้องและดำเนินคดีทางศาล -- บทสรุป (1) ความสัมพันธ์ระหว่างสัญญาผู้บริโภค ข้อพิพาทผู้บริโภค และคดีผู้บริโภค -- (2) ปัญหาและข้อจำกัดของกลไกและมาตรการคุ้มครองสิทธิของผู้บริโภคในระบบกฎหมายไทย.
650 4 _aการคุ้มครองผู้บริโภค
_xกฎหมายและระเบียบข้อบังคับ
_91611
653 4 _aสัญญาผู้บริโภค
942 _cLB
_2local
996 _ajidapa.t
_bACQSTF
_c2025-08-16
996 _avaree.k
_bLIBSTF
_c2025-08-18
996 _asaiphon.d
_bCATSTF
_c2025-08-20
999 _c107092
_d107092
998 _j104
_k นางสาวสายฝน ดีงาม